000 00318nam a2200145Ia 4500
100 _aBhide/L.B
650 _aGeneral
942 _cBK
654 _aBankers Hand Book
245 _aBankers Hand Book On Discipline
260 _bOm-Ameya Prakashan
_aBombay
_c1983
300 _a393
546 _aENGLISH
999 _c30516
_d30516